Jinmin sensen to bunka undō,
Saved in:
| Main Author: | |
|---|---|
| Format: | Book |
| Language: | Japanese |
| Published: |
Kyōto,
Tōyō Bunkasha,
1973.
|
| Series: | Shakai mondai shiryō sōsho.
Shisō kenkyū shiryō. Tokushū ; dai 77-gō. |
| Subjects: | |
| Tags: |
Add Tag
No Tags, Be the first to tag this record!
|
| LEADER | 01537cam a2200373 4500 | ||
|---|---|---|---|
| 001 | 007741359-8 | ||
| 005 | 20024617120653.0 | ||
| 008 | 910405r19731940ja 000 0 jpn | ||
| 010 | |a 74804415 /J | ||
| 015 | |a Ja73-20103 | ||
| 035 | 0 | |a ocm23380885 | |
| 040 | |a DLC |c WaU |d *YNH* |d CStRLIN | ||
| 050 | 0 | |a HX412 |b .S515 1973 | |
| 100 | 1 | |6 880-01 |a Shimokawa, Iwao. | |
| 245 | 1 | 0 | |6 880-02 |a Jinmin sensen to bunka undō, |c Shimokawa Iwao cho. |
| 260 | |6 880-03 |a Kyōto, |b Tōyō Bunkasha, |c 1973. | ||
| 300 | |a 318 p. |c 22 cm. | ||
| 490 | 1 | |6 880-04 |a Shakai mondai shiryō sōsho. Dai 1-shū | |
| 500 | |6 880-05 |a Reprint of the 1940 ed., which was issued as Shihōshō Keijikyoku "Shisō kenkyū shiryō" tokushū dai 77-gō; with new introd. | ||
| 650 | 0 | |a Internal security |z Japan. | |
| 650 | 0 | |a Communism |z Japan. | |
| 650 | 0 | |a Communism and intellectuals. | |
| 650 | 0 | |a Popular fronts. | |
| 880 | 1 | |6 100-01 |a 下川巌. | |
| 880 | 1 | 0 | |6 245-02 |a 人民戦線と文化運動, |c 下川巌著. |
| 880 | |6 260-03 |a 京都, |b 東洋文化社, |c 1973. | ||
| 880 | 1 | |6 490-04 |a 社会問題資料叢書. 第1輯 | |
| 880 | |6 500-05 |a Reprint of the 1940 ed., which was issued as 司法省刑事局「思想研究資料」特輯第77号; with new introd. | ||
| 830 | 0 | |6 880-54 |a Shakai mondai shiryō sōsho. |n Dai 1-shū. | |
| 880 | 0 | |6 830-54 |a 社会問題資料叢書. |n 第1輯. | |
| 830 | 0 | |6 880-06 |a Shisō kenkyū shiryō. |p Tokushū ; |v dai 77-gō. | |
| 880 | 0 | |6 830-06 |a 思想研究資料. |p 特輯, |v 第77号. | |
| 988 | |a 20021214 | ||
| 906 | |0 DLC | ||


